000 00426nam a22001577a 4500
003 SGT
020 _a9788182092280
082 _a332.10954,GUR
100 _aDR S GURUSAMY
245 _aINDIAN FINANCIAL SYSTEM
260 _aNEW DELHI
_bMC GRAW HILL
_c2008
300 _a624
650 _aFINANCIAL ECONOMICS
653 _aFINANCIAL SYSTEM - AN OVERVIEW, INDIAN FINANCIAL SYSTEM GLOBAL FINANCIAL SYSTEM
942 _2ddc
_cFCM
999 _c9502
_d9502